Statistiken für Pokédex Einträge zuordnen

Klicken Sie hier um das Quiz zu spielen!

Allgemein

  • Dieses Quiz wurde 447 mal gespielt
  • Das Durchschnittsergebnis liegt bei 9 aus 15

Antwortstatistiken

FrageAntwort% Korrekt
Dieses Pokémon lähmt seine Beute mit einem Lecken seiner langen Zunge und schluckt dann die Beute im Ganzen.Schlurp
95%
... hüpft auf seinem Schwanz herum. Der Schock seines Hüpfens lässt sein Herz schlagen. Infolgedessen kann es sich dieses Pokémon nicht leisten, mit dem Hüpfen aufzuhören – wenn es aufhört, bleibt sein Herz stehen.Spoink
94%
Er soll einen IQ von etwa 5.000 haben. Seine überbordenden psychokinetischen Kräfte bereiten jedem in der Nähe Kopfschmerzen.Simsala
87%
... Körper wurde während einer Eiszeit geschaffen. Der tiefgefrorene Körper kann nicht einmal durch Feuer geschmolzen werden. Dieses Pokémon kontrolliert kalte Luft von minus 328 Grad F.Regice
74%
Es ist nutzlos, was Kraft und Geschwindigkeit angeht. Dieses ist das schwächste und erbärmlichste POKéMON der Welt.Karpador
72%
Sein Heulen ist über sechs Meilen entfernt zu hören. Es gibt alle möglichen Geräusche von den Öffnungen an seinem Körper ab.Krawumms
70%
Wenn ein Reisender mitten in der Nacht durch eine Wüste wandert, folgt Noktuska ihm und spielt ihm Streiche. Dann wartet dieses Pokémon darauf, dass der Reisende müde wird und sich nicht mehr bewegen kann.Noktuska
67%
Es wurde aufgrund seines Verhaltens verbannt. Aus der Zerrwelt schaut es auf die alte Welt.Giratina
63%
Es ist bekannt, dass es so wütend wird, dass es daran stirbt. Sein Gesicht sieht jedoch im Tod friedlich aus.Rasaff
63%
Jeder von ihnen trägt eine Maske, die früher sein Gesicht war, als er ein Mensch war. Manchmal schauen sie es an und weinen.Makabaja
58%
Aus irgendeinem Grund landet es gerne sanft auf den Köpfen der Menschen und tut so, als wäre es ein Hut.Wablu
44%
... harter Körper bewegt sich überhaupt nicht. Er scheint bloß eine hohle Schale zu sein. Dieses Pokémon soll angeblich die Seele eines jeden stehlen, der hinterrücks einen Blick in seinen hohlen Körper riskiert.Ninjatom
40%
Kann mit einem einzigen Riesensprung über den Eiffelturm springen. Seine Hufe sind zehnmal härter als Diamanten.Ponita
29%
... Exkremente sind heiß, deshalb steckten die Leute sie früher in ihre Kleidung, um sich warm zu halten.Darumaka
25%
Geht sein Leben dem Ende zu, rostet sein Körper und fällt auseinander. Kurz darauf erwachen die verbliebenen Fragmente als ... zum Leben.Melmetal
24%

Verteilung der Resultate

Perzentil nach korrekt beantworteten Fragen

Anzahl Personen mit jedem Resultat

Ihre Resultats-Entwicklung

Sie haben dieses Quiz noch nicht gespielt